| 000 | 00204nam a22000617a 4500 | ||
|---|---|---|---|
| 999 |
_c23967 _d23967 |
||
| 003 | Nust | ||
| 005 | 20170307163307.0 | ||
| 008 | 140429b xxu||||| |||| 00| 0 eng d | ||
| 020 | _a0387979301 | ||
| 040 |
_aDLC _bDLC _cRCMS |
||
| 082 | _a005.82 BIH | ||
| 100 | _aBiham,Eli & Shamir,Adi | ||
| 245 | _aDifferential cryptanalysis of the data encryption standard | ||
| 260 |
_aNew York _bSpringer- verlag _cc1993 |
||
| 300 |
_aix,188,p _bill: _c25,cm. |
||
| 650 | _a1.Computer -Access Control 2.Cryptography | ||
| 856 | _3Table of content only | ||
| 942 |
_2ddc _cBK |
||